Normal view
MARC view
Entry Personal Name
001 - CONTROL NUMBER
- control field: 45695
003 - CONTROL NUMBER IDENTIFIER
- control field: dpl
005 - DATE AND TIME OF LATEST TRANSACTION
- control field: 20120424153520.0
008 - FIXED-LENGTH DATA ELEMENTS
- fixed length control field: 120424|||a|||||| | ||| d
040 ## - CATALOGING SOURCE
- Original cataloging agency: dpl
- Transcribing agency: dpl
100 ## - HEADING--PERSONAL NAME
- Personal name: Agarwal, Tanya Luther
670 ## - SOURCE DATA FOUND
- Source citation: Work cat.: (dpl)22305: Agarwal, Tanya Luther, Know climate change /, 2008
670 ## - SOURCE DATA FOUND
- Source citation: Work cat.: (dpl)22305: Agarwal, Tanya Luther, Know climate change /, 2008
